From Novice to Expert (Record no. 5387)
[ view plain ]
| 000 -LEADER | |
|---|---|
| fixed length control field | 00607nam a22001937a 4500 |
| 003 - CONTROL NUMBER IDENTIFIER | |
| control field | OSt |
| 005 - DATE AND TIME OF LATEST TRANSACTION | |
| control field | 20220412120845.0 |
| 008 - FIXED-LENGTH DATA ELEMENTS--GENERAL INFORMATION | |
| fixed length control field | 220412b ||||| |||| 00| 0 eng d |
| 020 ## - INTERNATIONAL STANDARD BOOK NUMBER | |
| International Standard Book Number | 020100299X |
| 040 ## - CATALOGING SOURCE | |
| Transcribing agency | ALUPE UNIVERSITY |
| 050 ## - LIBRARY OF CONGRESS CALL NUMBER | |
| Classification number | RT82 |
| Item number | .N68 1984 |
| 100 ## - MAIN ENTRY--PERSONAL NAME | |
| Personal name | Benner, Patricia. |
| 245 ## - TITLE STATEMENT | |
| Title | From Novice to Expert |
| Remainder of title | Excellence and Power in Clinical Nursing Practice |
| 260 ## - PUBLICATION, DISTRIBUTION, ETC. | |
| Place of publication, distribution, etc. | Canada |
| Name of publisher, distributor, etc. | Addison-Wesley Publishing Company, Inc. |
| Date of publication, distribution, etc. | c1984. |
| 300 ## - PHYSICAL DESCRIPTION | |
| Extent | vii; 307p. |
| Dimensions | 21cm |
| 504 ## - BIBLIOGRAPHY, ETC. NOTE | |
| Bibliography, etc. note | Includes index |
| 700 ## - ADDED ENTRY--PERSONAL NAME | |
| Personal name | Nancy Evans, Lewis, Edith P., Jan de Prosse and Leigh McLellan. |
| 942 ## - ADDED ENTRY ELEMENTS (KOHA) | |
| Source of classification or shelving scheme | |
| Koha item type | Book |
| Withdrawn status | Lost status | Source of classification or shelving scheme | Damaged status | Not for loan | Permanent Location | Current Location | Shelving location | Date acquired | Source of acquisition | Total Checkouts | Full call number | Barcode | Date last seen | Price effective from | Koha item type | Public note |
|---|---|---|---|---|---|---|---|---|---|---|---|---|---|---|---|---|
| AU LIBRARY | AU LIBRARY | Open Shelf | 12.04.2022 | DONATION FROM MOI UNIVERSITY | RT82 .N68 1984 | 28009251 | 12.04.2022 | 12.04.2022 | Book | WO |